000 00561nam a22001937a 4500
005 20241213142714.0
008 241213b ||||| |||| 00| 0 eng d
040 _cAL
041 _aEnglish
082 _223
_a348.04
_bEASS
100 _aEastern Book Company
_9190806
245 _aSupreme Court Cases: Vol 2
260 _a Lucknow
_bEastern Book Company
_c1993
300 _a807 p.
_bHB
365 _a1061
_b₹959.52
_c
_d₹1279.36
_e25%
_f28-11-2024
650 _aLAW
_9190807
650 _aMode of Citation 1993 supp (2) SCC
_9190808
942 _2ddc
_cBI
999 _c232845
_d232845